000 00453nam a22001697a 4500
005 20180227164806.0
008 160622b xxu||||| |||| 00| 0 eng d
020 _a978-81-7758-813-2
041 _aeng
082 _b8988
_a331
100 _aSinha, P.R.N and others
_92485
245 _aIndustrial Relations, Trade Vinus and labour regislation
260 _aDelhi
_bPearson Education
_c2009
300 _a613
650 _aManagement
_9241
942 _cBK
999 _c3533
_d3532